| 000 | 01720nam a2200409Ia 4500 | ||
|---|---|---|---|
| 001 | ebr10559181 | ||
| 003 | CaPaEBR | ||
| 006 | m u | ||
| 007 | cr cn||||||||| | ||
| 008 | 060118s2005 nyu sb 001 0 eng d | ||
| 020 | _z080147292X | ||
| 020 | _z9780801465048 | ||
| 020 | _z9780801472923 | ||
| 040 |
_aCaPaEBR _cCaPaEBR |
||
| 035 | _a(OCoLC)797828533 | ||
| 050 | 1 | 4 |
_aRT86.5 _b.G67 2005eb |
| 100 | 1 |
_aGordon, Suzanne, _d1945- |
|
| 245 | 1 | 0 |
_aNursing against the odds _h[electronic resource] : _bhow health care cost cutting, media stereotypes, and medical hubris undermine nurses and patient care / _cSuzanne Gordon. |
| 260 |
_aIthaca, NY : _bILR ; _aBristol : _bUniversity Presses Marketing [distributor], _c2005. |
||
| 300 | _axi, 489 p. | ||
| 490 | 1 | _aThe culture and politics of health care work | |
| 490 | 1 | _aAn ILR Press book | |
| 504 | _aIncludes bibliographical references and index. | ||
| 533 |
_aElectronic reproduction. _bPalo Alto, Calif. : _cebrary, _d2013. _nAvailable via World Wide Web. _nAccess may be limited to ebrary affiliated libraries. |
||
| 650 | 0 |
_aNursing _xSocial aspects _zUnited States. |
|
| 650 | 0 |
_aNursing _zUnited States _xPublic opinion. |
|
| 650 | 0 |
_aNurses _zUnited States _xPublic opinion. |
|
| 650 | 0 |
_aNurses _zUnited States _xSocial conditions. |
|
| 650 | 0 | _aNurses in mass media. | |
| 650 | 0 | _aNurse and physician. | |
| 650 | 0 |
_aPublic opinion _zUnited States. |
|
| 655 | 7 |
_aElectronic books. _2local |
|
| 710 | 2 | _aebrary, Inc. | |
| 830 | 0 | _aCulture and politics of health care work. | |
| 830 | 0 | _aILR press book. | |
| 856 | 4 | 0 |
_uhttp://site.ebrary.com/lib/rucke/Doc?id=10559181 _zAn electronic book accessible through the World Wide Web; click to view |
| 999 |
_c89370 _d89370 |
||